000 01072nam a2200313 i 4500
003 EG-GICUC
005 20260425191949.0
008 260420s1913 gw ||||fr|||| 00| 0 fre d
040 _aEG-GiCUC
_bfre
_cEG-GiCUC
_dEG-GiCUC
_eRda
041 1 _afre
082 0 4 _221
_a343.2
_bLI . T
092 0 4 _221
099 _aLaw1 10 343.2 LI . T 1913
100 1 _aLiszt, Franz von
_eAuteur
245 1 0 _aTraité de droit pénal allemand.
_n Tome II ,
_pPartie spéciale /
_bpar Franz von Liszt , René Lobstein
264 1 _aParis :
_bM. Giard & E. Brière, Libraires-Éditeurs,
_c1913.
300 _a594 page :
_billustration ;
_c 24 cm.
336 _2rda contenu
_a texte
337 _2rda medias
_aOrdinateur
338 _2 transporteur rda
_a Ressource en ligne
504 _aComprend des références bibliographiques.
546 _aTexte en français
650 1 4 _aDroit pénal
_2qrmak
651 1 _2qrmak
700 1 _aLobstein, René
_eTraducteur
856 4 0 _uhttps://fll.law.cu.edu.eg/fulltext/bks/B10-09197.pdf
905 _a74
942 _2ddc
_n0
_cBK
_e21
999 _c72065
_d72065